Changing their skies: stories from Africa

-д хадгалсан:
Номзүйн дэлгэрэнгүй
Үндсэн зохиолч: Bassett, Jennifer (Зохиогч)
Формат: Ном
Хэл сонгох:англи
Хэвлэсэн: Oxford Oxford University Press 2008
Цуврал:Oxford Bookworms Library, 2
Нөхцлүүд:
Шошгууд: Шошго нэмэх
Шошго байхгүй, Энэхүү баримтыг шошголох эхний хүн болох!

MARC

LEADER 00000nam a2200000 a 4500
001 UCG5366
003 CL-VaPUC
008 110303e20080000UK |||||||||||||||||eng|d
020 |a 9780194790826 
082 0 4 |a 896.3  |b BAS  |2 21 
100 0 |a Bassett, Jennifer  |e author  |9 555006 
245 1 0 |a Changing their skies: stories from Africa 
300 |a 55 p 
942 |c BK 
945 |d 20110303 00:00:00  |a dcastane 
260 |a Oxford  |b Oxford University Press  |c 2008 
650 7 |a CUENTOS AFRICANOS  |2 CL-VaPUC  |9 555007 
650 0 |a Literatura africana  |9 421017 
583 |a last modification  |c 20110303 00:00:00  |k Rodrigo Vera 
490 0 |a Oxford Bookworms Library, 2 
999 |c 343894  |d 343892 
952 |0 0  |1 0  |4 0  |6 896_300000000000000_BAS_2008  |7 0  |8 A  |9 441589  |a BIBEDU  |b BIBEDU  |d 2019-11-22  |i 475039K  |o 896.3 BAS 2008  |p 475039K  |r 2019-11-22  |w 2019-11-22  |y BK  |k LIT 
952 |0 0  |1 0  |4 0  |6 896_300000000000000_BAS_2008  |7 0  |8 A  |9 441590  |a BIBEDU  |b BIBEDU  |d 2019-11-22  |i 4753232  |l 4  |o 896.3 BAS 2008  |p 4753232  |r 2022-04-27  |s 2022-04-27  |w 2019-11-22  |y BK  |k LIT